[Event "Challenge"]
[Site "http://www.queenalice.com/game.php?id=1124746"]
[Date "2012.11.21"]
[Round "-"]
[White "Admilton"]
[Black "azaman"]
[Result "0-1"]
[WhiteElo "1532"]
[BlackElo "1350"]

1. Nf3 c5 2. b3 b6 3. e4 Qc7 4. Bc4 Qc6 5. Nc3 g6 6. Ne5 Qc7 7. Qf3 Qxe5 8.
Qxf7+ Kd8 9. Qxf8+ Kc7 10. Nb5+ Kb7 11. Bd5+ Nc6 12. Bxc6+ Kxc6 13. Nc3 Bb7 14.
Bb2 Rxf8 15. Nb5 Qxe4+ 16. Kd1 Kxb5 17. Bxh8 c4 18. Re1 Qh4 19. Bg7 Rxf2 20. Bd4
Qxd4 21. c3 Qd3 22. Re3 Rf1+ 23. Re1 Rf2 0-1

[Event "Challenge"]
[Site "http://www.queenalice.com/game.php?id=1125099"]
[Date "2012.11.23"]
[Round "-"]
[White "signifer"]
[Black "azaman"]
[Result "1-0"]
[WhiteElo "1474"]
[BlackElo "1488"]

1. e4 Nf6 2. Nc3 b6 3. e5 Ng8 4. Nf3 Bb7 5. d4 Bxf3 6. Qxf3 c6 7. Bc4 d5 8. Bb3
g6 9. O-O f6 10. exf6 exf6 11. a4 Bb4 12. Bd2 g5 13. Qh5+ Kf8 14. Nxd5 Bxd2 15.
Nxb6 axb6 16. Qf7# 1-0

[Event "Challenge"]
[Site "http://www.queenalice.com/game.php?id=1126855"]
[Date "2012.11.29"]
[Round "-"]
[White "sunking1"]
[Black "azaman"]
[Result "1-0"]
[WhiteElo "1557"]
[BlackElo "1426"]

1. Nc3 g5 2. g4 Bg7 3. Nd5 c6 4. Ne3 b5 5. d4 Qa5+ 6. c3 b4 7. Nc4 Qb5 8. e3 d5
9. Ne5 Qb6 10. c4 f6 11. Nd3 dxc4 12. Nxb4 Qxb4+ 13. Bd2 Qxb2 14. Bxc4 e5 15. d5
cxd5 16. Bxd5 Bb7 17. e4 Nd7 18. Rb1 Qa3 19. Bxb7 Rb8 20. Rb3 Qxa2 21. Bd5 Nc5
22. Rxb8+ Ke7 23. Bb4 Qb2 24. Qd2 Qb1+ 25. Qd1 Qxd1+ 26. Kxd1 Kd6 27. Rd8+ Ke7
28. Rc8 Kd7 29. Rxc5 Bf8 30. Bc6+ Ke7 31. Ra5+ Kf7 32. Bd5+ Kg7 33. Rxa7+ Be7
34. Rb7 Kg6 35. Bxe7 Nh6 36. h3 Re8 37. Nf3 Ng8 38. Bd6 Nh6 39. h4 Nxg4 40. Ke2
gxh4 41. Rxh4 f5 42. exf5+ Kxf5 43. Rh5+ Kg6 44. Rhxh7 e4 45. Bf7+ Kxh7 46.
Bxe8+ Kh6 47. Bf4# 1-0

[Event "Challenge"]
[Site "http://www.queenalice.com/game.php?id=1129544"]
[Date "2012.12.8"]
[Round "-"]
[White "Admilton"]
[Black "azaman"]
[Result "1-0"]
[WhiteElo "1550"]
[BlackElo "1495"]

1. Nf3 b5 2. e4 a6 3. a3 Nf6 4. d3 d5 5. Nc3 dxe4 6. Nh4 exd3 7. Bxd3 g6 8. Ne2
Bf5 9. Nxf5 gxf5 10. Bxf5 Qc8 11. Bxc8 Nc6 12. Bb7 Rd8 13. Bxc6+ Nd7 14. Nc3 Rg8
15. Qf3 Rg6 16. Bxd7+ Rxd7 17. Qa8+ Rd8 18. Qc6+ Rd7 19. Qf3 Re6+ 20. Be3 Rf6
21. Qg4 Rg6 22. Qf3 Rf6 23. Qe4 Rh6 24. Bxh6 Bxh6 25. Qxh7 Bf8 26. Rd1 c5 27.
Rxd7 Kxd7 28. O-O f6 29. Qf5+ Kd6 30. Rd1+ Kc6 31. Qe6+ Kb7 32. Rd7+ Kc8 33.
Qc6+ Kb8 34. Qb7# 1-0

[Event "Challenge"]
[Site "http://www.queenalice.com/game.php?id=1134922"]
[Date "2012.12.28"]
[Round "-"]
[White "recchdegomm1"]
[Black "azaman"]
[Result "1-0"]
[WhiteElo "1213"]
[BlackElo "1381"]

1. e4 Nf6 2. e5 Ne4 3. f3 Ng5 4. Bc4 d6 5. g4 Nc6 6. f4 dxe5 7. h4 exf4 8. Nf3
Ne4 9. Ng5 Ng3 10. Rh3 Bxg4 11. Qxg4 Qd4 12. Nxf7 Rg8 13. Be6 Qe4+ 14. Kf2 Qd4+
15. Kf3 Ne5+ 16. Nxe5 Qxe5 17. d3 Rh8 18. Rh2 c5 19. Bd7+ Kf7 20. Bxf4 Qxb2 21.
Be6+ Kf6 22. Qg5+ Kxe6 23. Qg4+ Nf5 24. Re2+ Kf6 25. Re5 Nd4+ 26. Kg3 Nxc2 27.
Qf5# 1-0

[Event "Challenge"]
[Site "http://www.queenalice.com/game.php?id=1136541"]
[Date "2013.1.3"]
[Round "-"]
[White "recchdegomm1"]
[Black "azaman"]
[Result "0-1"]
[WhiteElo "1241"]
[BlackElo "1300"]

1. e4 Nf6 2. Nc3 e5 3. f4 exf4 4. d3 c5 5. Bxf4 Nc6 6. Nb5 a6 7. Nc7+ Ke7 8.
Nxa8 Qa5+ 9. c3 b5 10. e5 Nd5 11. Bg5+ f6 12. a4 fxg5 13. axb5 Qxb5 14. c4 Qb4+
15. Qd2 Qb7 16. cxd5 Nxe5 17. Qxg5+ Kd6 18. Nf3 Qxa8 19. Nxe5 Qxd5 20. Nf3 Qe6+
21. Kd2 h6 22. Qf4+ Ke7 23. Qc7 Qb3 24. Qe5+ Kf7 25. Qf5+ Ke8 26. Qe5+ Be7 27.
Kc1 d6 28. Qxg7 Rg8 29. Qxh6 Bf8 30. Qe3+ Be7 31. Ra3 Qf7 32. Qe4 d5 33. Qa4+
Kf8 34. Rb3 c4 35. Rb8 Qf4+ 0-1

[Event "Challenge"]
[Site "http://www.queenalice.com/game.php?id=1136542"]
[Date "2013.1.3"]
[Round "-"]
[White "recchdegomm1"]
[Black "azaman"]
[Result "0-1"]
[WhiteElo "1213"]
[BlackElo "1374"]

1. e4 Nf6 2. d3 d5 3. b4 dxe4 4. g3 Na6 5. b5 Nc5 6. Be3 Na4 7. Qc1 Qd5 8. c4
Qf5 9. Nc3 Nb6 10. Bf4 exd3 11. a4 Nxc4 12. Qd2 Nxd2 13. Kxd2 Qd7 14. Bxd3 Ng4
15. Nh3 c6 16. f3 Nf6 17. Ng5 cxb5 18. axb5 Nh5 19. Kc2 h6 20. Nxf7 Kxf7 21. g4
Nxf4 22. Bc4+ e6 23. Rhd1 Qc7 24. Rd4 Ng2 25. Nd5 Qxh2 26. Kc3 e5 27. Re4 Be6
28. Nc7 Rc8 29. Nxe6 Rc5 30. Nxc5+ Kf6 31. Rxa7 b6 32. Ne6 Qg3 33. Ra8 Qxf3+ 34.
Bd3 Kxe6 0-1

[Event "Challenge"]
[Site "http://www.queenalice.com/game.php?id=1139382"]
[Date "2013.1.11"]
[Round "-"]
[White "recchdegomm1"]
[Black "azaman"]
[Result "0-1"]
[WhiteElo "1225"]
[BlackElo "1343"]

1. d4 Nc6 2. e3 e5 3. Bc4 exd4 4. c3 dxc3 5. Nxc3 Na5 6. b3 Qf6 7. Nd5 Qxa1 8.
Nxc7+ Kd8 9. Nxa8 Qxa2 10. Nf3 Nxc4 11. bxc4 Qxc4 12. Ne5 Qe4 0-1

[Event "Challenge"]
[Site "http://www.queenalice.com/game.php?id=1143250"]
[Date "2013.1.21"]
[Round "-"]
[White "vieri"]
[Black "azaman"]
[Result "0-1"]
[WhiteElo "1336"]
[BlackElo "1307"]

1. g3 Nc6 2. Bg2 b5 3. Nf3 Bb7 4. c3 b4 5. cxb4 Nxb4 6. Qb3 Nd5 7. e4 Nb6 8. O-O
Bxe4 9. Ng5 Bd5 10. Qb5 Bc6 11. Qc5 a6 12. Bxc6 dxc6 13. Qxc6+ Nd7 14. Re1 Rb8
15. b3 Rb6 16. Qf3 f6 17. Ne4 g6 18. Nbc3 f5 19. Ng5 h6 20. Nh3 Bg7 21. Rb1 Ne5
22. Qe3 g5 23. d4 Ng4 24. Qd3 Rf6 25. Qxa6 Rxa6 26. Rd1 Bxd4 27. Nb5 Rxa2 28.
Nxd4 e5 29. Nxf5 Qxd1+ 30. Kg2 Qd3 31. Ng7+ Kf7 32. Nh5 Qxb1 33. Bxg5 Qxb3 34.
Bh4 Qd5+ 35. Kf1 Ra1+ 36. Ke2 Qc4+ 37. Kf3 Nxh2+ 38. Ke3 Nf1+ 39. Kf3 Nd2+ 40.
Ke3 Nf1+ 41. Kf3 e4+ 42. Kg2 Qc5 43. N5f4 e3 44. fxe3 Qc6+ 45. Kf2 Qc2+ 46. Ne2
Rh7 47. g4 Rg7 48. g5 Qf5+ 49. Nef4 hxg5 50. Nxg5+ Kf6 51. Ne4+ Ke5 52. Ng3 Qc2+
53. Kf3 Nh2# 0-1

[Event "Challenge"]
[Site "http://www.queenalice.com/game.php?id=1143388"]
[Date "2013.1.21"]
[Round "-"]
[White "vangogh"]
[Black "azaman"]
[Result "1-0"]
[WhiteElo "1441"]
[BlackElo "1365"]

1. e4 Nf6 2. Nc3 c6 3. Nf3 b5 4. b4 Qc7 5. d3 Qd6 6. a3 c5 7. e5 Qe6 8. Nxb5
cxb4 9. Nc7+ Kd8 10. Nxa8 Nd5 11. c4 Nc3 12. Qb3 Qc6 13. Qxb4 Na4 14. Qxb8 a5
15. Bd2 Qa6 16. Rb1 g6 17. Ng5 h6 18. Nxf7+ Ke8 19. Nc7+ Kxf7 20. Nxa6 Bxa6 21.
Bxa5 Bg7 22. Qa7 Nc3 23. Rc1 Na2 24. Rc2 Bxe5 25. Rxa2 Bc8 26. Rd2 Bf4 27. Qd4
e5 28. Qd5+ Kf6 29. Rb2 Bc1 30. Rb6+ Kf5 31. g3 Bxa3 32. Qf7+ Kg5 33. Qxg6# 1-0

[Event "Challenge"]
[Site "http://www.queenalice.com/game.php?id=1147873"]
[Date "2013.2.1"]
[Round "-"]
[White "azaman"]
[Black "principio1"]
[Result "0-1"]
[WhiteElo "1340"]
[BlackElo "1327"]

1. d4 d5 2. c3 Nf6 3. Nf3 h6 4. b3 e6 5. c4 Bb4+ 6. Bd2 Bxd2+ 7. Nbxd2 Nc6 8.
cxd5 Qxd5 9. e4 Nxe4 10. Ne5 Nxe5 11. dxe5 Qd4 12. Bb5+ Bd7 13. Rc1 Qxf2# 0-1

[Event "Challenge"]
[Site "http://www.queenalice.com/game.php?id=1148508"]
[Date "2013.2.3"]
[Round "-"]
[White "recchdegomm1"]
[Black "azaman"]
[Result "0-1"]
[WhiteElo "1220"]
[BlackElo "1310"]

1. e4 Nf6 2. Nf3 Nxe4 3. Qe2 f5 4. Rg1 b6 5. g4 e6 6. d3 Bb4+ 7. c3 Ba5 8. dxe4
fxg4 9. Rxg4 g6 10. b4 h5 11. Rxg6 Kf7 12. Rg5 Ba6 13. b5 Bxc3+ 14. Nxc3 Qf6 15.
Rg3 Qxc3+ 16. Qd2 Qxa1 17. bxa6 h4 18. Qf4+ Ke7 19. Nxh4 e5 20. Qg5+ Kd6 21.
Qf6+ Kc5 22. Qxh8 Qxc1+ 23. Ke2 Qc4+ 24. Rd3 Qxe4+ 25. Kd2 Qf4+ 26. Ke2 Qe4+ 27.
Kd1 Nxa6 28. Rc3+ Kb4 29. Rb3+ Ka4 30. Bd3 Qh1+ 31. Kd2 Qxh2 32. Bb5+ Ka5 33. a3
Qxf2+ 34. Kc3 Rxh8 35. Ng6 Rh3+ 36. Kc4 Qe2+ 37. Kd5 c6+ 38. Kd6 Qd2+ 39. Rd3
Rxd3+ 40. Ke7 Qg5+ 41. Kf7 Rf3+ 42. Kg7 Kxb5 43. Kh7 Rxa3 44. Nf8 Rh3# 0-1

[Event "Challenge"]
[Site "http://www.queenalice.com/game.php?id=1149602"]
[Date "2013.2.7"]
[Round "-"]
[White "BALASH"]
[Black "azaman"]
[Result "0-1"]
[WhiteElo "1375"]
[BlackElo "1304"]

1. e4 Nf6 2. Nc3 e6 3. Nf3 Bb4 4. a3 Bxc3 5. dxc3 Nxe4 6. Bc4 d5 7. Bb5+ c6 8.
Bd3 b5 9. Bd2 f5 10. h3 Nc5 11. Ne5 Na4 12. Qh5+ g6 13. Qf3 Nxb2 14. O-O Qf6 15.
Qf4 g5 16. Ra2 gxf4 17. Bxf4 Qh4 18. Bg3 Qh5 19. Rxb2 Rg8 20. Rbb1 Qg5 21. Nf3
Qf6 22. Rfe1 Qxc3 23. Rb3 Qxb3 24. Bxb8 Qxa3 25. Bf4 Qc3 26. Be5 Qc5 27. Bd4 Qb4
28. Ne5 Qxe1+ 29. Kh2 Bb7 30. Nf3 Qd1 31. Nh4 Qh5 32. g3 a5 33. Ng2 a4 34. Nf4
Qf3 35. Nxe6 Rb8 36. Nc5 h5 37. Ne6 Rg6 38. Nc5 f4 39. Bxg6+ Ke7 40. Bd3 Bc8 41.
Be5 Qxf2+ 42. Kh1 Bxh3 43. Be4 Rg8 44. Bxf4 dxe4 0-1

[Event "Challenge"]
[Site "http://www.queenalice.com/game.php?id=1150416"]
[Date "2013.2.9"]
[Round "-"]
[White "SALES"]
[Black "azaman"]
[Result "1-0"]
[WhiteElo "1343"]
[BlackElo "1331"]

1. d4 Nc6 2. d5 Ne5 3. e4 Nf6 4. Nc3 Nfg4 5. Be2 h5 6. f3 Nf6 7. Bb5 a6 8. Ba4
c6 9. Bf4 Nc4 10. b3 Nb2 11. Qd4 cxd5 12. Rb1 e5 13. Bxe5 Nxa4 14. Qxa4 b5 15.
Qd4 b4 16. Nxd5 Qa5 17. Nc7+ Ke7 18. Nxa8 Qxa2 19. Qb2 Qa5 20. Ra1 d6 21. Rxa5
dxe5 22. Qxe5+ Kd7 23. Nb6+ Kc6 24. Nxc8 Kb7 25. Ne7 h4 26. f4 Rh5 27. f5 Rg5
28. Qc5 Nxe4 29. Qc6+ Ka7 30. Rxa6+ Kb8 31. Rb6+ Ka7 32. Qb7# 1-0

[Event "Challenge"]
[Site "http://www.queenalice.com/game.php?id=1150417"]
[Date "2013.2.9"]
[Round "-"]
[White "azaman"]
[Black "SALES"]
[Result "0-1"]
[WhiteElo "1329"]
[BlackElo "1391"]

1. b4 d5 2. Nc3 d4 3. Ne4 Bf5 4. Nc5 Qd5 5. e4 Bxe4 6. c4 Qf5 7. Qa4+ Bc6 8. b5
Qxc5 9. bxc6 Qxc6 10. Qa3 e5 11. Qg3 Qd6 12. a4 e4 13. Ba3 Qxg3 14. hxg3 Nf6 15.
f3 Nc6 16. fxe4 Nxe4 17. Rh3 Bb4 18. Rh4 f5 19. Rf4 Bxd2+ 20. Ke2 Bxf4 21. gxf4
Ng3+ 22. Kf3 Nxf1 23. Rxf1 O-O-O 24. c5 Rhe8 25. Nh3 Re3+ 26. Kf2 Rxa3 27. Ng5
d3 28. Rd1 Nb4 29. Nxh7 Nd5 30. Ng5 Ra2+ 31. Ke1 d2+ 32. Rxd2 Rxd2 33. Kxd2
Nxf4+ 34. Ke3 Nxg2+ 35. Kf3 Nh4+ 36. Kf4 Rd4+ 37. Ke5 Rxa4 38. Ne6 g6 39. Kf6
Kd7 40. Nf8+ Kc6 41. Ne6 b6 42. Ke5 bxc5 43. Nd8+ Kd7 44. Kd5 c4 45. Nb7 Rb4 46.
Na5 Rb5+ 47. Kxc4 Rxa5 48. Kb4 Rd5 49. Kc4 Kc6 50. Kb4 Rc5 51. Kb3 Kb5 52. Kb2
Kb4 53. Kb1 Kb3 54. Ka1 Rc1# 0-1

[Event "Challenge"]
[Site "http://www.queenalice.com/game.php?id=1155111"]
[Date "2013.2.24"]
[Round "-"]
[White "recchdegomm1"]
[Black "azaman"]
[Result "1-0"]
[WhiteElo "1235"]
[BlackElo "1332"]

1. d4 Nc6 2. Nf3 h6 3. Nc3 g5 4. h4 Bg7 5. hxg5 h5 6. g4 b6 7. gxh5 Nxd4 8. Nxd4
Bb7 9. f3 c5 10. Nf5 Rh7 11. Nb5 a6 12. Na3 e6 13. Nd6+ Kf8 14. Nxb7 Qb8 15.
Qxd7 b5 16. h6 Bxh6 17. Be3 Qe8 18. Qd3 Rg7 19. gxh6 c4 20. Qd6+ Qe7 21. Qc6 Qe8
22. Qe4 f5 23. Qe5 Rxb7 24. Bc5+ Kf7 25. Rg1 Nxh6 26. Qf4 Qh8 27. Bd4 Qh7 28.
Rg7+ Qxg7 29. Bxg7 Kxg7 30. Qg5+ Kh7 31. f4 Rg8 32. Qh4 Rg4 33. Qh1 Rd7 34. Qc6
Re7 35. Bg2 Rxg2 36. Qxg2 Rg7 37. Qh2 Kg6 38. Rd1 Ng4 39. Qh8 Ne3 40. Rd6 Ng2+
41. Kf2 Nxf4 42. Rxa6 b4 43. Nxc4 Nd5 44. Rxe6+ Kf7 45. Qc8 Nf4 46. Rb6 Nh3+ 47.
Ke3 Rg3+ 48. Kd2 f4 49. Rxb4 Nf2 50. Nd6+ Kg6 51. Rxf4 Kg5 52. Rxf2 Rg1 53. Qg8+
Kh4 54. Qxg1 Kh5 55. Qh1+ Kg4 56. e3 Kg3 57. Ne4+ Kg4 58. Rf4# 1-0

[Event "Challenge"]
[Site "http://www.queenalice.com/game.php?id=1164174"]
[Date "2013.3.24"]
[Round "-"]
[White "recchdegomm1"]
[Black "azaman"]
[Result "0-1"]
[WhiteElo "1268"]
[BlackElo "1312"]

1. e4 Nf6 2. Nf3 Nxe4 3. Bc4 c6 4. O-O b5 5. Bb3 c5 6. Re1 Nf6 7. Ng5 c4 8. Qf3
d5 9. Nc3 a6 10. Re5 cxb3 11. Nxd5 bxc2 12. Ne3 Ra7 13. Nxc2 Bb7 14. Qb3 h6 15.
Nxf7 Qc7 16. d4 Bd5 17. Qg3 Nh5 18. Qg6 Nf6 19. Nxh8+ Kd7 20. Nb4 Qc4 21. Qf5+
Kc7 22. Rxd5 Qxb4 23. a3 Qe1# 0-1

[Event "Challenge"]
[Site "http://www.queenalice.com/game.php?id=1167550"]
[Date "2013.4.2"]
[Round "-"]
[White "vangogh"]
[Black "azaman"]
[Result "1-0"]
[WhiteElo "1532"]
[BlackElo "1307"]

1. e4 Nf6 2. Nc3 d5 3. Nf3 dxe4 4. Ne5 Qd6 5. d4 c5 6. Nb5 Qb6 7. d5 Qa5+ 8. c3
a6 9. Nc7+ Qxc7 10. Bf4 Nh5 11. Qxh5 g6 12. Qe2 f6 13. Ng4 Qxf4 14. g3 Qd6 15.
Qxe4 f5 16. Qe5 Qxe5+ 17. Nxe5 Bg7 18. Nf3 Nd7 19. Ng5 Nb6 20. Rd1 Bf6 21. Nf3
g5 22. b4 Bxc3+ 23. Ke2 cxb4 24. Nxg5 Bd7 25. Bh3 Bb5+ 26. Ke3 Rd8 27. Ra1 Nxd5+
28. Kf3 Bf6 29. Ne6 Rd7 30. Bxf5 Nc3 31. Nc5 Bc6+ 32. Kg4 Rd4+ 33. f4 Rg8+ 34.
Kh5 Rd5 35. g4 Rxc5 36. Rhg1 Rg7 37. g5 Bd4 38. Rgd1 Bf3+ 39. Kh6 Rf7 40. Bxh7
Rc6+ 41. Bg6 Be3 42. Rd3 Re6 43. f5 Re4 44. Bxf7+ Kf8 45. Bg6 Rh4+ 46. Bh5 Bxh5
47. Rd8+ Kf7 48. Rd7 b6 49. Re1 Bf2 50. Rexe7+ Kf8 51. g6 Bxg6+ 52. Kxg6 Kg8 53.
Re8# 1-0

[Event "Challenge"]
[Site "http://www.queenalice.com/game.php?id=1168381"]
[Date "2013.4.4"]
[Round "-"]
[White "recchdegomm1"]
[Black "azaman"]
[Result "1-0"]
[WhiteElo "1232"]
[BlackElo "1329"]

1. e4 Nf6 2. Nf3 Nxe4 3. d3 Nc5 4. Nc3 a6 5. d4 Ne6 6. Bc4 b5 7. Bd5 c6 8. Be4
b4 9. d5 bxc3 10. dxe6 cxb2 11. Bxb2 Qa5+ 12. c3 dxe6 13. O-O f5 14. Bd3 Qb6 15.
Rb1 g6 16. c4 Qa5 17. Bxh8 Qxa2 18. Ng5 Bh6 19. Nxh7 Nd7 20. Ra1 Qd2 21. Ra3 Ne5
22. Bxe5 Qb4 23. Rb3 Qc5 24. Re1 a5 25. Bc7 Ra7 26. Bb6 Qd4 27. Bxa7 Qxa7 28.
Qf3 Qd7 29. Qg3 a4 30. Ra3 Bd2 31. Qxg6+ Kd8 32. Qg8+ Kc7 33. Nf6 exf6 34. Rxe6
Qd4 35. Re7+ Kb8 36. Re8 Qb2 37. Qg3+ f4 38. Rxc8+ Kxc8 39. Bf5+ Kb7 40. Qg7+
Kb6 41. g3 Qb1+ 42. Kg2 Qxf5 43. g4 Qe4+ 44. f3 Qe2+ 45. Kh3 Qf1+ 46. Kh4 Be1+
47. Kh5 Qh3+ 48. Kg6 Qxh2 49. Qe7 Qc2+ 50. Kf7 Qxc4+ 51. Kxf6 Bh4+ 52. g5 Qd4+
53. Kg6 Bf2 54. Ra2 Qd3+ 55. Kh6 Qxf3 56. Rb2+ Ka5 57. Qd8+ Ka6 58. Qc8+ Ka5 59.
Qa8+ Ba7 60. Qxa7# 1-0

[Event "Challenge"]
[Site "http://www.queenalice.com/game.php?id=1174937"]
[Date "2013.4.25"]
[Round "-"]
[White "recchdegomm1"]
[Black "azaman"]
[Result "1-0"]
[WhiteElo "1271"]
[BlackElo "1299"]

1. e4 Nf6 2. Nf3 Nxe4 3. Bd3 Nc5 4. Nc3 g6 5. b3 Bg7 6. Ba3 Bxc3 7. dxc3 Nca6 8.
O-O d5 9. Qe2 Nc6 10. b4 Bg4 11. b5 Bxf3 12. gxf3 e5 13. bxc6 Qg5+ 14. Kh1 bxc6
15. Bxa6 h5 16. Bb7 Rb8 17. Bxc6+ Kd8 18. Bxd5 h4 19. Bxf7 Rh7 20. Rfd1+ Kc8 21.
Be6+ Kb7 22. Qe4+ Kb6 23. Qb4+ Kc6 24. Qxb8 Qf6 25. Bd5+ Kd7 26. Bg8+ Kc6 27.
Qe8+ Kb7 28. Bd5+ Kb6 29. Rdb1+ Ka5 30. Qb5# 1-0